American Civil engineering practice, prepared by a staff of specialists
Saved in:
| Main Author: | |
|---|---|
| Format: | Book |
| Language: | English |
| Published: |
New York, New York : Willey,
1956.
|
| Subjects: | |
| Tags: |
Add Tag
No Tags, Be the first to tag this record!
|
MARC
| LEADER | 00000nam a2200000Ia 4500 | ||
|---|---|---|---|
| 003 | 000933 | ||
| 005 | 20221231143958.0 | ||
| 008 | 140114s1956 nyua 000 ||eng d | ||
| 040 | |c cru CEDI | ||
| 082 | |a 620 Al24a | ||
| 100 | |a Abbett, Robert William, 1902- |9 19768 | ||
| 245 | |a American Civil engineering practice, prepared by a staff of specialists | ||
| 260 | |a New York, New York : Willey, |c 1956. | ||
| 300 | |a volúmenes : ilustraciones, mapas, tablas ; 22 cm | ||
| 500 | |a En el CEDI solo se encuentra el Vol. 11 | ||
| 650 | |x INGENIERÍA CIVIL |9 19769 | ||
| 942 | |2 ddc |c BK | ||
| 999 | |c 15110 |d 15110 | ||
